El bosque del cisne negro / (Registro nro. 37477)
[ vista simple ]
| 000 -CABECERA | |
|---|---|
| Longitud fija campo de control | 00928nam a2200289 a 4500 |
| 003 - • IDENTIFICADOR DELl NÚMERO DE CONTROL | |
| Identificador del número de control | CO-ViMGA |
| 005 - • FECHA Y HORA DE LA ÚLTIMA TRANSACCIÓN | |
| Fecha y hora de la última transacción | 20230915234237.0 |
| 008 - • CÓDIGOS DE INFORMACIÓN DE LONGITUD FIJA | |
| Códigos de información de longitud fija | 141021s2013 sp gr 0001fdspa d |
| 040 ## - FUENTE DE LA CATALOGACIÓN | |
| Centro catalogador de origen | CO-ViMGA |
| Lengua de catalogación | spa |
| Centro transcriptor | CO-ViMGA |
| 041 1# - • CÓDIGO DE LENGUA | |
| Código de lengua original | eng |
| 082 04 - • NÚMERO DE LA CLASIFICACIÓN DECIMAL DEWEY | |
| Número de clasificación (R) | 823.91 |
| Número del ítem | M47b5 |
| Número de edición | 21 |
| 100 1# - • PUNTO DE ACCESO PRINCIPAL-NOMBRE DE PERSONA | |
| Nombre de persona | Mitchell, David, |
| Fechas asociadas al nombre | 1969- |
| 245 13 - • TITULO PROPIAMENTE DICHO | |
| Título | El bosque del cisne negro / |
| Mención de responsabilidad, etc. | David Mitchell ; traducción de Víctor V. Úbeda. |
| 300 ## - • DESCRIPCIÓN FÍSICA | |
| Extensión | 401 páginas ; |
| Dimensiones | 22 cm. |
| 490 1# - • MENCIÓN DE SERIE | |
| Mención de serie | Duomo. Nefelibata |
| 490 1# - • MENCIÓN DE SERIE | |
| Mención de serie | Novela |
| 534 ## - • Nota De Versión Original | |
| -- | Título original : |
| Título | Black swan green. |
| 650 14 - • PUNTO DE ACCESO ADICIONAL DE MATERIA - TÉRMINO DE MATERIA | |
| Término de materia o nombre geográfico como elemento inicial | Villas y aldeas |
| Subdivisión de forma | Novela. |
| 650 14 - • PUNTO DE ACCESO ADICIONAL DE MATERIA - TÉRMINO DE MATERIA | |
| Término de materia o nombre geográfico como elemento inicial | Adolescentes |
| Subdivisión de forma | Novela. |
| 650 14 - • PUNTO DE ACCESO ADICIONAL DE MATERIA - TÉRMINO DE MATERIA | |
| Término de materia o nombre geográfico como elemento inicial | Novela inglesa. |
| 651 #4 - • PUNTO DE ACCESO ADICIONAL DE MATERIA - NOMBRE GEOGRÁFICO | |
| Nombre geográfico | Inglaterra |
| Subdivisión de materia general | Descripción |
| Subdivisión de forma | Novela. |
| 700 1# - • PUNTO DE ACCESO ADICIONAL - NOMBRE DE PERSONA | |
| Nombre de persona | Úbeda, Víctor V., |
| Término indicativo de función | traductor. |
| 942 ## - ENTRADA DE ELEMENTOS AGREGADOS (KOHA) | |
| Fuente de clasificaión o esquema | Dewey Decimal Classification |
| Koha [por defecto] tipo de item | LIbro |
| Perdido | Fuente de clasificación o esquema | Estado Físico | No para préstamo | Forma de adquisición | Localización permanente | Localización actual | Fecha adquisición | Préstamos totales | Signatura completa | Código de barras | Fecha última consulta | Número de copia | Fecha del precio de reemplazo | Tipo de item de Koha |
|---|---|---|---|---|---|---|---|---|---|---|---|---|---|---|
| Dewey Decimal Classification | Sala General Segundo Piso | Biblioteca Pública Germán Arciniegas - Villavicencio | Biblioteca Pública Germán Arciniegas - Villavicencio | 09/20/2016 | 823.91 M47b5 | 31173 | 09/20/2016 | Ej. 1 | 09/20/2016 | LIbro |